L'origine des espéces au moyeu de la sélection naturelle ou La lutte pour l'existence dans la nature / (Record no. 51913)

MARC details
000 -LEADER
campo de control de longitud fija 00682nam a2200193 i 4500
001 - NÚMERO DE CONTROL
campo de control 51913
003 - IDENTIFICADOR DE NÚMERO DE CONTROL
campo de control ES-MaACL
005 - FECHA Y HORA DE LA ÚLTIMA TRANSACCIÓN
campo de control 20250731063028.0
007 - CAMPO FIJO DE DESCRIPCIÓN FÍSICA--INFORMACIÓN GENERAL
campo de control de longitud fija t|
008 - DATOS DE LONGITUD FIJA--INFORMACIÓN GENERAL
campo de control de longitud fija 030820s1873 fr ||||1| fre d
100 1# - ENTRADA PRINCIPAL--NOMBRE DE PERSONA
Nombre de persona Darwin, Charles,
Fechas asociadas al nombre 1809-1882
9 (RLIN) 42770
245 12 - MENCIÓN DEL TÍTULO
Título L'origine des espéces au moyeu de la sélection naturelle ou La lutte pour l'existence dans la nature /
Mención de responsabilidad, etc. par Charles Darwin ; traduit par J.J. Moulinié.
260 ## - PUBLICACIÓN, DISTRIBUCIÓN, ETC.
Lugar de publicación, distribución, etc. Paris :
Nombre del editor, distribuidor, etc. C. Reiwald,
Fecha de publicación, distribución, etc. 1873 (
Fabricante J. Claye)
300 ## - DESCRIPCIÓN FÍSICA
Extensión XX, 612 p. ;
Dimensiones 23 cm.
700 1# - ENTRADA AGREGADA--NOMBRE PERSONAL
Nombre de persona Moulinié, J. J.
9 (RLIN) 83864
740 3# - ENTRADA AGREGADA--TÍTULO RELACIONADO/ANALÍTICO NO CONTROLADO
Título relacionado o analítico no controlado La lutte pour l'existence dans la nature.
852 ## - LOCALIZACIÓN
Ubicación ES-MaACL
Número de control de estantería D-4523
Holdings
Estatus retirado Estado de pérdida Estado de daño No para préstamo Colección Biblioteca de origen Biblioteca actual Ubicación en estantería Fecha de adquisición Fuente de adquisición Total de préstamos Signatura topográfica completa Código de barras Visto por última vez Precio de reemplazo Tipo de ítem Koha
        Libros del s. XIX Biblioteca del Ateneo de Madrid Biblioteca del Ateneo de Madrid Sala Valle Inclán 17/01/2008     D-4523 901054583 23/02/2023 23/02/2023 Libro impreso antiguo